000 01716nam0a22004811 4500
001 RU\NLR\A1SV\90400
005 20251031153848.0
035 _a(NLR Aleph) 009771762
090 _a10058764
_c10058764
100 _a20081009d1923 u y0rusy50 ca
101 1 _arus
_cfre
102 _aRU
200 1 _aБелая невеста
_e(Помолвка)
_d[Les fiançailles
_eФеерия в 5 д. и 11 картинах]
_fМорис Матерлинк. Maurice Maeterlinck
_gПер. Н.Эфроса
_gПод ред. М.Л.Лозинского
210 _aПб.
_aМ.
_cГос. изд.
_d1923
215 _a136 с.
_d17 см
225 _aВсемир. лит.
300 _aНапеч. в Петрограде
300 _aНа обл. изд-во: Всемир. лит.; сер.: Новости иностр. лит.
300 _aПрод. пьесы: Синяя птица
620 _dСанкт-Петербург
620 _dМосква
700 1 _6z01790
_6z02790
_aМетерлинк
_bМ.
_f1862-1949
_gМорис
702 1 _aЭфрос
_bН.Е.
_f1867-1923
_gНиколай Ефимович
702 1 _aЛозинский
_bМ.Л.
_f1886-1955
_gМихаил Леонидович
790 1 _6z01700
_aМатерлинк
_bМ.
_gМорис
790 1 _6z02700
_aMaeterlinck
_bM.
_gMaurice
801 0 _aRU
_bNLR
_c20081009
852 _aNLR
_j38.31.7.42
852 _aNLR
_j38.31.7.42а
899 _aРКП
899 _aРГБИ
899 _aSLK
899 _aГПИБ
899 _aРГБ
899 _aМГУ
899 _aКирОУНБ
899 _aНГОУНБ
899 _aСГСПУ
899 _aСОУНБ
942 _cBOOK
980 _aA1SV
980 _aNB